ՀՀ Գիտությունների ազգային ակադեմիայի հիմնարար գիտական գրադարան  =   Fundamental Scientific Library of NAS RA

Aramco world. (Record no. 307135)

MARC details
000 -LEADER
fixed length control field 01534cas a2200421 a 4500
001 - CONTROL NUMBER
control field 000866857
003 - CONTROL NUMBER IDENTIFIER
control field AM-YeHGA
005 - DATE AND TIME OF LATEST TRANSACTION
control field 20250617145143.0
008 - FIXED-LENGTH DATA ELEMENTS--GENERAL INFORMATION
fixed length control field 871210d19872000txubr1p 0 a0eng d
022 0# - INTERNATIONAL STANDARD SERIAL NUMBER
International Standard Serial Number 1044-1891
Incorrect ISSN 0003-7567
040 ## - CATALOGING SOURCE
Original cataloging agency AM-YeHGA
041 0# - LANGUAGE CODE
Language code of text/sound track or separate title eng
090 ## - LOCALLY ASSIGNED LC-TYPE CALL NUMBER (OCLC); LOCAL CALL NUMBER (RLIN)
-- 308844
130 0# - MAIN ENTRY--UNIFORM TITLE
Uniform title Aramco world (Washington, D.C.)
222 #0 - KEY TITLE
Key title Aramco world
245 00 - TITLE STATEMENT
Title Aramco world.
246 13 - VARYING FORM OF TITLE
Title proper/short title Aramco world magazine
246 1# - VARYING FORM OF TITLE
Title proper/short title Saudi Aramco world
260 ## - PUBLICATION, DISTRIBUTION, ETC.
Place of publication, distribution, etc. [Washington, D.C.] :
Name of publisher, distributor, etc. Aramco,
Date of publication, distribution, etc. 1987-2000.
212 0# - VARIANT ACCESS TITLE [OBSOLETE]
Variant access title Arabian American Oil Company world
300 ## - PHYSICAL DESCRIPTION
Extent 14 v. :
Other physical details ill. ;
Dimensions 28 cm.
310 ## - CURRENT PUBLICATION FREQUENCY
Current publication frequency Bimonthly
362 0# - DATES OF PUBLICATION AND/OR SEQUENTIAL DESIGNATION
Dates of publication and/or sequential designation Vol. 38, no. 5 (Sept.-Oct. 1987)- vol. 51, no.3 (May-June 2000).
500 ## - GENERAL NOTE
General note Title from cover.
500 ## - GENERAL NOTE
General note Vols. for July-Aug. 1989- published by Aramco Services Co., Houston, Tex.
530 ## - ADDITIONAL PHYSICAL FORM AVAILABLE NOTE
Additional physical form available note Also available on the World Wide Web.
550 ## - ISSUING BODY NOTE
Issuing body note Vols. for <May-June 1993-> issued by: Saudi Aramco.
555 ## - CUMULATIVE INDEX/FINDING AIDS NOTE
Cumulative index/finding aids note 1949-1994, in v. 46, no. 4 (July/Aug. 1995). (Includes issues published under previous titles.)
650 04 - SUBJECT ADDED ENTRY--TOPICAL TERM
Topical term or geographic name entry element Ամսագիր
650 14 - SUBJECT ADDED ENTRY--TOPICAL TERM
Topical term or geographic name entry element Petroleum industry and trade
Geographic subdivision Saudi Arabia
General subdivision Periodicals.
710 2# - ADDED ENTRY--CORPORATE NAME
Corporate name or jurisdiction name as entry element Arabian American Oil Company.
710 2# - ADDED ENTRY--CORPORATE NAME
Corporate name or jurisdiction name as entry element Aramco Services.
710 2# - ADDED ENTRY--CORPORATE NAME
Corporate name or jurisdiction name as entry element Saudi Aramco.
780 00 - PRECEDING ENTRY
Title Aramco world magazine
International Standard Serial Number 0146-4132
785 00 - SUCCEEDING ENTRY
Title Saudi Aramco world
International Standard Serial Number 1530-5821
856 41 - ELECTRONIC LOCATION AND ACCESS
Public note Full text of volumes 1960 - 2010 available at
Uniform Resource Identifier <a href="http://www.saudiaramcoworld.com/index/BackIssues1960.aspx">http://www.saudiaramcoworld.com/index/BackIssues1960.aspx</a>
942 ## - ADDED ENTRY ELEMENTS (KOHA)
Source of classification or shelving scheme Universal Decimal Classification
Koha item type Շարունակական պաշար / Continuing Resource
Holdings
Withdrawn status Lost status Source of classification or shelving scheme Damaged status Not for loan Collection Home library Current library Date acquired Serial enumeration / chronology Total checkouts Full call number Barcode Date last seen Price effective from Koha item type Public note
    Universal Decimal Classification     Levon Zekiyan Individual Collection Fundamental Scientific Library Fundamental Scientific Library 09/01/2017 1998, V. 49, No. 5   Zek/1041 FL0219136 09/01/2017 09/01/2017 Շարունակական պաշար / Continuing Resource ILL Non-Circ.


ՀՀ ԳԱԱ հիմնարար գիտական գրադարան
ՀՀ,Երևան 0019
Մարշալ Բաղրամյան 24/6
հեռախոս:(374-10) 52-47-50
Հետադարձ կապ

All site content, except where otherwise noted, is licensed under a
Creative Commons License